00397nam a2200121Ia 4500008004100000245013400041260001700175260000900192300000900201650002300210650001200233856003000245170516s9999 xx 000 0 und d aGeneration of a Focused Poly(amino ether) Library: Polymer-mediated Transgene Delivery and Gold-Nanorod based Theranostic Systems bTheranostics c2012 a2:12 xMedical Technology xMedtech uhttp://www.thno.org/v2i12